[Event "CZE-chT1E 2122"]
[Site "Czech Republic"]
[Date "2021.12.12"]
[Round "5.1"]
[White "Gregurkova, Nikola"]
[Black "Bures, Vit"]
[Result "0-1"]
[WhiteElo "1709"]
[BlackElo "2110"]
[PlyCount "78"]
[EventDate "2021.10.09"]
[EventType "team-tourn"]
[EventRounds "11"]
[EventCountry "CZE"]
[SourceTitle "EXT 2023"]
[Source "ChessBase"]
[SourceDate "2022.10.05"]
[SourceVersion "1"]
[SourceVersionDate "2022.10.05"]
[SourceQuality "1"]
[WhiteTeam "Grygov Proclient"]
[BlackTeam "Brno Moravska Slavia II"]
[WhiteTeamCountry "CZE"]
[BlackTeamCountry "CZE"]

1. e4 e5 2. Nf3 Nc6 3. Bb5 a6 4. Ba4 Nf6 5. 0-0 Be7 6. Re1 b5 7. Bb3 0-0 8. d3 d6 9. c3 Na5 10. Bc2 c5 11. Nbd2 Nc6 12. Nf1 Re8 13. h3 h6 14. d4 cxd4 15. cxd4 Nxd4 16. Nxd4 exd4 17. Qxd4 Be6 18. Ne3 Rc8 19. Bb3 Qc7 20. Bd2 Qc5 21. Qxc5 dxc5 22. Bxe6 fxe6 23. f3 c4 24. a4 Red8 25. Re2 Bc5 26. Be1 Nh5 27. Bf2 Nf4 28. Ree1 Rd2 29. Ng4 h5 30. Bxc5 Rxg2+ 31. Kh1 Rxc5 32. Ne3 Rxb2 33. axb5 axb5 34. Rg1 Nxh3 35. Rg3 Nf2+ 36. Kg1 Rc7 37. Ra8+ Kf7 38. e5 Nd3 39. Rg5 Nf4 0-1

[Event "CZE-chT1E 2122"]
[Site "Czech Republic"]
[Date "2021.11.28"]
[Round "4.4"]
[White "Gregurkova, Nikola"]
[Black "Buran, Jaroslav"]
[Result "1/2-1/2"]
[WhiteElo "1709"]
[BlackElo "2084"]
[PlyCount "46"]
[EventDate "2021.10.09"]
[EventType "team-tourn"]
[EventRounds "11"]
[EventCountry "CZE"]
[SourceTitle "EXT 2023"]
[Source "ChessBase"]
[SourceDate "2022.10.05"]
[SourceVersion "1"]
[SourceVersionDate "2022.10.05"]
[SourceQuality "1"]
[WhiteTeam "Grygov Proclient"]
[BlackTeam "Vlcnov"]
[WhiteTeamCountry "CZE"]
[BlackTeamCountry "CZE"]

1. e4 Nf6 2. e5 Nd5 3. Nc3 Nxc3 4. dxc3 d6 5. exd6 Qxd6 6. Qxd6 exd6 7. Bf4 Be7 8. 0-0-0 Be6 9. Nf3 0-0 10. Nd4 Nc6 11. Nxe6 fxe6 12. Bg3 Bg5+ 13. Kb1 Bf4 14. Bxf4 Rxf4 15. f3 Ne5 16. Bd3 Nxd3 17. cxd3 e5 18. Rhe1 Re8 19. Re2 Kf7 20. Rde1 c5 21. Re4 Rxe4 22. dxe4 Re6 23. Kc2 Rh6 1/2-1/2

[Event "CZE-ch U16 Girls"]
[Site "Kouty nad Desnou"]
[Date "2020.03.10"]
[Round "5"]
[White "Gregurkova, Nikola"]
[Black "Vavrinkova, Anna"]
[Result "1-0"]
[WhiteElo "1642"]
[BlackElo "1622"]
[PlyCount "35"]
[EventDate "2020.03.07"]
[EventType "swiss"]
[EventRounds "7"]
[EventCountry "CZE"]
[SourceTitle "CBM 195 Extra"]
[Source "ChessBase"]
[SourceDate "2020.05.31"]
[SourceVersion "1"]
[SourceVersionDate "2020.05.31"]
[SourceQuality "1"]

1. e4 c5 2. Nf3 Nc6 3. d4 cxd4 4. Nxd4 g6 5. Nc3 Bg7 6. Be3 Nf6 7. Bc4 0-0 8. Bb3 a5 9. a4 d5 10. exd5 Nb4 11. Ndb5 Bf5 12. 0-0 Qd7 13. Qd2 Rfd8 14. Rad1 Ne4 15. Nxe4 Bxe4 16. c3 Na6 17. f3 Bf5 18. g4 1-0

[Event "CZE-ch U16 Girls"]
[Site "Kouty nad Desnou"]
[Date "2020.03.09"]
[Round "4"]
[White "Gregurkova, Nikola"]
[Black "Semova, Lada"]
[Result "1-0"]
[WhiteElo "1642"]
[BlackElo "1477"]
[PlyCount "99"]
[EventDate "2020.03.07"]
[EventType "swiss"]
[EventRounds "7"]
[EventCountry "CZE"]
[SourceTitle "CBM 195 Extra"]
[Source "ChessBase"]
[SourceDate "2020.05.31"]
[SourceVersion "1"]
[SourceVersionDate "2020.05.31"]
[SourceQuality "1"]

1. e4 c6 2. d4 d5 3. Nc3 dxe4 4. Nxe4 Bf5 5. Ng3 Bg6 6. Nh3 Nf6 7. Nf4 e5 8. Nxg6 hxg6 9. dxe5 Qa5+ 10. Bd2 Qxe5+ 11. Qe2 Nbd7 12. Qxe5+ Nxe5 13. Bc3 Ned7 14. Bc4 Nb6 15. Bb3 Nbd5 16. Bxf6 gxf6 17. Bxd5 cxd5 18. Rd1 0-0-0 19. 0-0 Bc5 20. Rd3 Rh4 21. Rfd1 Rf4 22. R1d2 Kc7 23. Nf1 Kc6 24. Ne3 d4 25. Nf1 Rh8 26. h3 f5 27. Nh2 Re4 28. Nf3 Rhe8 29. Nxd4+ Bxd4 30. Rxd4 Rxd4 31. Rxd4 Re1+ 32. Kh2 Re2 33. Rc4+ Kd6 34. Kg3 g5 35. Kf3 Re1 36. a4 a6 37. b3 b5 38. axb5 axb5 39. Rc8 Re5 40. Rc3 b4 41. Rc4 Rb5 42. g3 Ke5 43. Ke3 Rb6 44. Rc5+ Kf6 45. Rc4 Ke5 46. Kf3 Rb5 47. h4 g4+ 48. Ke3 Rb6 49. Rc5+ Kf6 50. Kf4 1-0

[Event "Bezmerov Bastinec Memorial-A"]
[Site "Bezmerov"]
[Date "2019.01.26"]
[Round "3"]
[White "Gregurkova, Nikola"]
[Black "Hradsky, Ales"]
[Result "1/2-1/2"]
[WhiteElo "1547"]
[BlackElo "1813"]
[PlyCount "44"]
[EventDate "2019.01.25"]
[EventType "swiss"]
[EventRounds "5"]
[EventCountry "CZE"]
[SourceTitle "CBM 188 Extra"]
[Source "ChessBase"]
[SourceDate "2019.02.26"]
[SourceVersion "1"]
[SourceVersionDate "2019.02.26"]
[SourceQuality "1"]

1. e4 c6 2. d4 d5 3. Nc3 dxe4 4. Nxe4 Bf5 5. Ng3 Bg6 6. Nh3 h6 7. Nf4 Bh7 8. c3 e6 9. Bc4 Bd6 10. 0-0 Nf6 11. Re1 0-0 12. Qf3 Re8 13. Nfh5 Nbd7 14. Bf4 Bxf4 15. Nxf4 Qc7 16. Bd3 Bxd3 17. Nxd3 Rad8 18. Rad1 a5 19. Nh5 Nxh5 20. Qxh5 Nf6 21. Qe5 Qxe5 22. Nxe5 Nd7 1/2-1/2

[Event "Bezmerov Bastinec Memorial-A"]
[Site "Bezmerov"]
[Date "2019.01.25"]
[Round "2"]
[White "Richterova, Julie"]
[Black "Gregurkova, Nikola"]
[Result "0-1"]
[WhiteElo "1799"]
[BlackElo "1547"]
[PlyCount "98"]
[EventDate "2019.01.25"]
[EventType "swiss"]
[EventRounds "5"]
[EventCountry "CZE"]
[SourceTitle "CBM 188 Extra"]
[Source "ChessBase"]
[SourceDate "2019.02.26"]
[SourceVersion "1"]
[SourceVersionDate "2019.02.26"]
[SourceQuality "1"]

1. d4 Nf6 2. Nf3 e6 3. c4 c5 4. d5 b5 5. d6 b4 6. a3 Qb6 7. axb4 Qxb4+ 8. Nc3 a6 9. Ra4 Qb7 10. g3 Nc6 11. Bg2 Qb8 12. Bf4 Nh5 13. Bg5 Bxd6 14. Ne4 Bf8 15. g4 Nf4 16. Bf1 Bb7 17. e3 Ng6 18. h4 Nce5 19. Ned2 h6 20. Bf4 Nxf4 21. exf4 Nxf3+ 22. Nxf3 Qxf4 23. Be2 Be7 24. Qb3 Rb8 25. Qd3 Be4 26. Qa3 Qc1+ 27. Bd1 Bc2 28. Qa1 Qxa1 29. Rxa1 Bxd1 30. Kxd1 Rxb2 31. Rh2 Rb6 32. Nd2 Bf6 33. Ra2 Ke7 34. f3 Rhb8 35. h5 Bg5 36. Ne4 Rb1+ 37. Kc2 Rc1+ 38. Kd3 Rb3+ 39. Ke2 Bf4 40. Rh3 Rxc4 41. Rh1 Rb6 42. Rha1 d5 43. Nd2 Bxd2 44. Kxd2 Kf6 45. Rxa6 Rxa6 46. Rxa6 Rb4 47. Ra5 c4 48. Kc3 Rb3+ 49. Kc2 Rxf3 0-1

[Event "CZE-chT2E 1819"]
[Site "Czech Republic"]
[Date "2018.11.18"]
[Round "3.8"]
[White "Gregurkova, Nikola"]
[Black "Frnka, Rene"]
[Result "1/2-1/2"]
[WhiteElo "1627"]
[BlackElo "2176"]
[PlyCount "157"]
[EventDate "2018.10.14"]
[EventType "team-tourn"]
[EventRounds "11"]
[EventCountry "CZE"]
[SourceTitle "EXT 2022"]
[Source "ChessBase"]
[SourceDate "2021.10.06"]
[SourceVersion "1"]
[SourceVersionDate "2021.10.06"]
[SourceQuality "1"]
[WhiteTeam "Grygov"]
[BlackTeam "Velke Losiny"]
[WhiteTeamCountry "CZE"]
[BlackTeamCountry "CZE"]

1. e4 e5 2. Nf3 Nc6 3. Bb5 a6 4. Ba4 Nf6 5. 0-0 Be7 6. Re1 b5 7. Bb3 0-0 8. d3 d6 9. c3 Nb8 10. h3 Nbd7 11. Nbd2 Bb7 12. Nf1 c6 13. d4 Qc7 14. Ng3 g6 15. Bh6 Rfe8 16. Qd2 Bf8 17. h4 c5 18. d5 Ng4 19. Bxf8 Rxf8 20. Bc2 Qd8 21. Qg5 Qxg5 22. Nxg5 h6 23. Nh3 Kg7 24. f3 Ngf6 25. b3 Nb6 26. Kf2 Bc8 27. Rh1 Bxh3 28. Rxh3 a5 29. Rhh1 a4 30. Rhd1 Ne8 31. Ke2 Ra7 32. Bd3 Nc7 33. c4 Rfa8 34. Rab1 axb3 35. axb3 Ra2+ 36. Kf1 bxc4 37. Bxc4 Nxc4 38. bxc4 Rc2 39. Rdc1 Raa2 40. Rxc2 Rxc2 41. h5 Ne8 42. Rb7 Kf8 43. hxg6 fxg6 44. Rh7 h5 45. Rh8+ Kf7 46. Ne2 Rxc4 47. Kf2 Rb4 48. Rh7+ Ng7 49. Rh8 Ne8 50. Rh7+ Kf6 51. Rd7 Rb2 52. Ke3 Rb3+ 53. Kd2 Rb1 54. f4 exf4 55. Nxf4 Kg5 56. Re7 Kxf4 57. Rxe8 Rb2+ 58. Kd3 Rxg2 59. e5 dxe5 60. d6 c4+ 61. Kc3 Rg1 62. Kc2 Rg2+ 63. Kc3 Rg3+ 64. Kxc4 Rg1 65. d7 Rd1 66. d8Q Rxd8 67. Rxd8 h4 68. Rf8+ Ke4 69. Rg8 Kf5 70. Rf8+ Ke4 71. Rg8 Kf5 72. Rf8+ Kg4 73. Kd5 h3 74. Kxe5 g5 75. Rh8 Kg3 76. Kf5 g4 77. Rg8 h2 78. Rh8 Kg2 79. Kxg4 1/2-1/2

[Event "Wch U14 Girls"]
[Site "Porto Carras"]
[Date "2018.10.22"]
[Round "4"]
[White "Velea, Anne Marie"]
[Black "Gregurkova, Nikola"]
[Result "1-0"]
[WhiteElo "1859"]
[BlackElo "1627"]
[PlyCount "75"]
[EventDate "2018.10.20"]
[EventType "swiss"]
[EventRounds "11"]
[EventCountry "GRE"]
[SourceTitle "CBM 187 Extra"]
[Source "ChessBase"]
[SourceDate "2018.11.04"]
[SourceVersion "1"]
[SourceVersionDate "2018.11.04"]
[SourceQuality "1"]

1. e4 d5 2. exd5 Qxd5 3. Nc3 Qa5 4. d4 Nf6 5. Bc4 Bg4 6. Nf3 Nc6 7. Bd2 Qh5 8. Bb5 0-0-0 9. Bxc6 bxc6 10. Qe2 Bxf3 11. gxf3 Kb7 12. Be3 e6 13. 0-0-0 Bb4 14. Rd3 Ka8 15. a3 Ba5 16. Na4 Bb6 17. c4 Qa5 18. Qc2 c5 19. Nxc5 Bxc5 20. dxc5 c6 21. Rhd1 Qc7 22. Rd6 Rd7 23. Qa4 Rhd8 24. Qb4 Ne8 25. Rxd7 Rxd7 26. Rxd7 Qxd7 27. Qd2 Qxd2+ 28. Kxd2 Kb7 29. b4 a6 30. a4 e5 31. f4 e4 32. Kc3 f5 33. Kd4 g6 34. Ke5 Kc7 35. Ke6 Kd8 36. Bd4 h6 37. h4 Kc7 38. Ke7 1-0

[Event "Wch U14 Girls"]
[Site "Porto Carras"]
[Date "2018.10.20"]
[Round "1"]
[White "Gregurkova, Nikola"]
[Black "Mrudul, Dehankar"]
[Result "0-1"]
[WhiteElo "1627"]
[BlackElo "1996"]
[PlyCount "74"]
[EventDate "2018.10.20"]
[EventType "swiss"]
[EventRounds "11"]
[EventCountry "GRE"]
[SourceTitle "CBM 187 Extra"]
[Source "ChessBase"]
[SourceDate "2018.11.04"]
[SourceVersion "1"]
[SourceVersionDate "2018.11.04"]
[SourceQuality "1"]

1. e4 d5 2. exd5 Nf6 3. d4 Bg4 4. Be2 Bxe2 5. Qxe2 Qxd5 6. Nf3 e6 7. c4 Bb4+ 8. Bd2 Bxd2+ 9. Nbxd2 Qf5 10. 0-0 0-0 11. Ne5 Rd8 12. Ndf3 Na6 13. Rac1 h6 14. Rfd1 c6 15. a3 Nc7 16. Qe3 Nce8 17. b4 Nd6 18. Qb3 g5 19. Qc2 g4 20. Ne1 Qg5 21. Qd2 Qg7 22. f3 Nf5 23. Qc3 g3 24. h3 Nh5 25. Nc2 Nf4 26. Re1 Rd6 27. Rcd1 Rad8 28. a4 f6 29. c5 Rd5 30. Nc4 e5 31. Qb2 exd4 32. Rd2 Qg5 33. Qc1 d3 34. N2e3 Nxe3 35. Nxe3 Ne2+ 36. Rexe2 dxe2 37. Nxd5 Rxd5 0-1

[Event "Valasska Bystrice op"]
[Site "Valasska Bystrice"]
[Date "2017.09.16"]
[Round "9"]
[White "Sewiola, Petr"]
[Black "Gregurkova, Nikola"]
[Result "1/2-1/2"]
[WhiteElo "1737"]
[BlackElo "1476"]
[PlyCount "53"]
[EventDate "2017.09.09"]
[EventType "swiss"]
[EventRounds "9"]
[EventCountry "CZE"]
[SourceTitle "CBM 180 Extra"]
[Source "ChessBase"]
[SourceDate "2017.10.06"]
[SourceVersion "1"]
[SourceVersionDate "2017.10.06"]
[SourceQuality "1"]

1. e4 e5 2. Nf3 Nc6 3. Bb5 a6 4. Ba4 Nf6 5. 0-0 Be7 6. Re1 b5 7. Bb3 0-0 8. c3 d5 9. exd5 Nxd5 10. Nxe5 Nxe5 11. Rxe5 c6 12. d4 Bd6 13. Re1 Qh4 14. g3 Qh3 15. Bxd5 cxd5 16. Qf3 Bg4 17. Qxd5 Rad8 18. Qg2 Qh5 19. Be3 f5 20. f4 g5 21. Rf1 Rfe8 22. Qf2 Rxe3 23. Qxe3 Re8 24. Qd3 Re2 25. Rf2 Re1+ 26. Rf1 Re2 27. Rf2 1/2-1/2

[Event "Valasska Bystrice op"]
[Site "Valasska Bystrice"]
[Date "2017.09.10"]
[Round "2"]
[White "Mudry, Jan"]
[Black "Gregurkova, Nikola"]
[Result "1/2-1/2"]
[WhiteElo "1699"]
[BlackElo "1476"]
[PlyCount "79"]
[EventDate "2017.09.09"]
[EventType "swiss"]
[EventRounds "9"]
[EventCountry "CZE"]
[SourceTitle "CBM 180 Extra"]
[Source "ChessBase"]
[SourceDate "2017.10.06"]
[SourceVersion "1"]
[SourceVersionDate "2017.10.06"]
[SourceQuality "1"]

1. e4 e5 2. Bc4 Nf6 3. Nf3 Nxe4 4. Qe2 d5 5. Bb3 Nc6 6. d3 Nf6 7. Nxe5 Nxe5 8. Qxe5+ Qe7 9. Qxe7+ Bxe7 10. Bg5 0-0 11. Nc3 c6 12. 0-0 Bf5 13. Rfe1 Rfe8 14. Re5 Be6 15. Re2 h6 16. Bh4 Nd7 17. Bxe7 Rxe7 18. d4 Nf6 19. f3 Rae8 20. Rae1 Kf8 21. a3 Bf5 22. Rxe7 Rxe7 23. Rxe7 Kxe7 24. Ne2 g5 25. g4 Bg6 26. Kf2 h5 27. gxh5 Bxh5 28. c3 Bg6 29. Kg3 Bf5 30. Kf2 Kd6 31. Ke3 b6 32. Nc1 Nd7 33. Kd2 c5 34. Ba4 Nf8 35. dxc5+ bxc5 36. Bc2 Bxc2 37. Kxc2 Ng6 38. Nd3 Ne5 39. Nxe5 Kxe5 40. b4 1/2-1/2

[Event "CZE-ch U14 Girls"]
[Site "Kouty nad Desnou"]
[Date "2017.03.15"]
[Round "6"]
[White "Gregurkova, Nikola"]
[Black "Koubova, Anna Marie"]
[Result "0-1"]
[WhiteElo "1316"]
[BlackElo "1921"]
[PlyCount "52"]
[EventDate "2017.03.11"]
[EventType "swiss"]
[EventRounds "9"]
[EventCountry "CZE"]
[SourceTitle "CBM 177 Extra"]
[Source "ChessBase"]
[SourceDate "2017.04.27"]
[SourceVersion "1"]
[SourceVersionDate "2017.04.27"]
[SourceQuality "1"]

1. e4 c5 2. Nf3 e6 3. d4 cxd4 4. Nxd4 Nf6 5. Nc3 Nc6 6. Be3 Bb4 7. f3 0-0 8. Qd2 d5 9. Nxc6 bxc6 10. e5 Nd7 11. a3 Be7 12. f4 c5 13. Bf2 Bb7 14. Rd1 Nb6 15. Rg1 d4 16. Na2 Bd5 17. b3 f6 18. g3 fxe5 19. fxe5 Rf5 20. c4 Rxe5+ 21. Be2 Bg5 22. Qc2 Bf3 23. Nc3 Qf8 24. Bxd4 cxd4 25. Rxd4 Be3 26. Rf1 Bxd4 0-1

[Event "CZE-ch U14 Girls"]
[Site "Kouty nad Desnou"]
[Date "2017.03.11"]
[Round "1"]
[White "Richterova, Julie"]
[Black "Gregurkova, Nikola"]
[Result "0-1"]
[WhiteElo "1691"]
[BlackElo "1316"]
[PlyCount "64"]
[EventDate "2017.03.11"]
[EventType "swiss"]
[EventRounds "9"]
[EventCountry "CZE"]
[SourceTitle "CBM 177 Extra"]
[Source "ChessBase"]
[SourceDate "2017.04.27"]
[SourceVersion "1"]
[SourceVersionDate "2017.04.27"]
[SourceQuality "1"]

1. d4 Nf6 2. Nf3 g6 3. c4 Bg7 4. Nc3 d5 5. cxd5 Nxd5 6. e4 Nxc3 7. bxc3 c5 8. Be3 Bg4 9. Be2 Nc6 10. e5 cxd4 11. cxd4 Qa5+ 12. Qd2 Qxd2+ 13. Nxd2 Bxe2 14. Kxe2 0-0 15. Rab1 b6 16. Rhc1 Rac8 17. Rc2 Nxd4+ 18. Bxd4 Rxc2 19. f4 Rd8 20. Be3 Rxa2 21. Ke1 g5 22. g3 gxf4 23. gxf4 f6 24. exf6 Bxf6 25. Rb3 Bh4+ 26. Ke2 Kf7 27. Rb5 Kg6 28. Rb4 Bf6 29. Rb3 Rb2 30. Ra3 a5 31. Ke1 Bh4+ 32. Kd1 Bf2 0-1